Comuni della Provincia della Spezia - Statistics

Statistiche generali
  • Questo quiz è stato fatto 86 volte
  • Il punteggio medio è 16 su 32
Statistiche sulle risposte
Comune % Corretto
La Spezia
86%
Riomaggiore
76%
Sarzana
71%
Vernazza
71%
Lerici
67%
Levanto
65%
Monterosso al Mare
65%
Portovenere
63%
Deiva Marina
55%
Santo Stefano di Magra
55%
Bonassola
53%
Arcola
51%
Vezzano Ligure
51%
Ameglia
47%
Bolano
47%
Carro
47%
Castelnuovo Magra
47%
Luni
47%
Borghetto di Vara
45%
Brugnato
45%
Varese Ligure
43%
Beverino
41%
Carrodano
41%
Follo
39%
Framura
37%
Riccò del Golfo di Spezia
35%
Calice al Cornoviglio
33%
Pignone
33%
Zignago
33%
Maissana
27%
Sesta Godano
27%
Rocchetta di Vara
22%
Nessun quiz corrispondente trovato
Distribuzione punteggi
Percentuale di utenti per punteggio
Percentile per numero di risposta
I tuoi punteggi nel tempo
Non hai fatto questo quiz